00218nam a22000977a 4500040000700000082000800007100001800015245004700033260003000080300001000110 cSY a632 aLINA L. IIag aLearning the principles of plant pathology aUPLBbLINA L. IIagc2002 a267P.